Le nouvel entraînez-vous : Révisions : Niveau débutant : 450 nouveaux exercices

में बचाया:
ग्रंथसूची विवरण
मुख्य लेखक: Johnson, Anne-Marie
स्वरूप: पुस्तक
भाषा:Undetermined
प्रकाशित: Thành phố Hồ Chí Minh Tổng hợp Thành phố Hồ Chí Minh 2004
विषय:
टैग : टैग जोड़ें
कोई टैग नहीं, इस रिकॉर्ड को टैग करने वाले पहले व्यक्ति बनें!
Thư viện lưu trữ: Trung tâm Học liệu Trường Đại học Cần Thơ
LEADER 00872nam a2200217Ia 4500
001 CTU_194586
008 210402s9999 xx 000 0 und d
082 |a 448.0076 
082 |b J66d 
100 |a Johnson, Anne-Marie 
245 0 |a Le nouvel entraînez-vous : 
245 0 |b Révisions : Niveau débutant : 450 nouveaux exercices 
245 0 |c Anne-Marie Johnson 
260 |a Thành phố Hồ Chí Minh 
260 |b Tổng hợp Thành phố Hồ Chí Minh 
260 |c 2004 
650 |a French language,French language,Pháp ngữ,Pháp ngữ 
650 |x Study and teaching,Textbooks for foreign speakers,Dạy và học,Sách giáo khoa dành cho người nước ngoài 
904 |i Minh 
910 |a Sách kèm đĩa AVA.000035, AVA.000036, AVA.000037 
980 |a Trung tâm Học liệu Trường Đại học Cần Thơ